[Event "Frankfurt Ch 2007"]
[Site "Ffm-Kalbach, LAZ"]
[Date "2007.05.14"]
[Round "3.29"]
[White "Makilla, Tobias"]
[Black "Bischoff, Ulrich"]
[Result "0-1"]
[WhiteElo "1923"]
[BlackElo "2090"]
[PlyCount "64"]
[EventDate "2007.??.??"]

1. e4 d5 2. e5 c5 3. Bb5+ Nc6 4. f4 Bf5 5. Nf3 e6 6. O-O Qb6 7. Bxc6+ bxc6 8.
Nh4 Nh6 9. Nxf5 Nxf5 10. g4 Nh4 11. f5 c4+ 12. Kh1 Qd4 13. Qe2 h5 14. fxe6 fxe6
15. gxh5 Be7 16. d3 cxd3 17. cxd3 Kd7 18. Rf4 Qb6 19. Be3 c5 20. Rf7 Nf5 21.
Nc3 d4 22. Na4 Qc6+ 23. Kg1 Qxa4 24. Bg5 Raf8 25. Qf3 Qb5 26. Rxf8 Rxf8 27.
Bxe7 Kxe7 28. Rf1 Qd7 29. h6 gxh6 30. Rc1 Ne3 31. Qh5 Qd5 32. Qg6 Qxe5 0-1

[Event "Frankfurt Ch 2007"]
[Site "Ffm-Kalbach, LAZ"]
[Date "2007.05.14"]
[Round "3.30"]
[White "Genis, Roy"]
[Black "Penzel, Nils"]
[Result "1/2-1/2"]
[WhiteElo "1895"]
[BlackElo "2002"]
[PlyCount "90"]
[EventDate "2007.??.??"]

1. e4 e6 2. d4 d5 3. Nc3 Bb4 4. a3 Bxc3+ 5. bxc3 dxe4 6. f3 Nd7 7. Nh3 Ngf6 8.
fxe4 Nxe4 9. Qf3 Ndf6 10. Bb2 e5 11. Nf2 Nxf2 12. Qxf2 O-O 13. O-O-O Ng4 14.
Qd2 e4 15. Re1 e3 16. Qe2 Re8 17. h3 Nf2 18. Rh2 Qd6 19. g3 Bd7 20. Qh5 Bc6 21.
Bc4 Qxg3 22. Bxf7+ Kh8 23. d5 Ba4 24. Kb1 Qxh2 25. Bg6 Qxh3 26. Bxe8 Rxe8 27.
Qf7 Qg3 28. c4 Ne4 29. Rxe3 Qg1+ 30. Ka2 Rg8 31. Rxe4 Bxc2 32. Re1 Qg3 33. Re3
Qg6 34. Qxg6 Bxg6 35. Re7 Bd3 36. Rxc7 b5 37. cxb5 Bxb5 38. Kb3 a6 39. d6 Bd3
40. Kb4 h5 41. Bxg7+ Kh7 42. Be5+ Kg6 43. Rg7+ Rxg7 44. Bxg7 Kf7 45. Ka5 Ke6
1/2-1/2

[Event "Frankfurt Ch 2007"]
[Site "Ffm-Kalbach, LAZ"]
[Date "2007.05.14"]
[Round "3.31"]
[White "Fernandez-Egea, Andres"]
[Black "Katrych, Viktor"]
[Result "0-1"]
[WhiteElo "2043"]
[BlackElo "1747"]
[PlyCount "74"]
[EventDate "2007.??.??"]

1. e4 e5 2. Nf3 Nc6 3. Bb5 a6 4. Ba4 Bc5 5. O-O d6 6. h3 Nf6 7. Re1 O-O 8. c3
b5 9. Bb3 Be6 10. Bc2 Bc8 11. d4 exd4 12. cxd4 Ba7 13. Bg5 h6 14. Bh4 Nb4 15.
Nbd2 Nxc2 16. Qxc2 g5 17. Bg3 Nh5 18. Bh2 c5 19. e5 c4 20. g4 Ng7 21. Ne4 Ne8
22. Rad1 d5 23. Ng3 Ng7 24. Nf5 Bxf5 25. gxf5 Qc8 26. f6 Ne6 27. Kh1 Kh8 28. h4
g4 29. Qd2 Kh7 30. Rg1 Rg8 31. Qc2+ Kh8 32. Ng5 hxg5 33. Rxg4 Rg6 34. f4 Nxf4
35. Rxg5 Rxg5 36. hxg5 Qh3 37. Qf2 Nd3 0-1

[Event "Frankfurt Ch 2007"]
[Site "Ffm-Kalbach, LAZ"]
[Date "2007.05.14"]
[Round "3.32"]
[White "Tews, Artur"]
[Black "Calvi, Stefan"]
[Result "1/2-1/2"]
[WhiteElo "1742"]
[BlackElo "1909"]
[PlyCount "85"]
[EventDate "2007.??.??"]

1. c4 Nf6 2. Nc3 c5 3. e4 d6 4. d3 Nc6 5. g3 g6 6. Bg2 Bg7 7. Nge2 Bd7 8. Be3
Ng4 9. Qd2 Nxe3 10. Qxe3 Nd4 11. Qd2 Qa5 12. Nc1 Rb8 13. O-O a6 14. Rd1 O-O 15.
Nd5 Qd8 16. Rb1 Bh3 17. f4 e6 18. Ne3 Bxg2 19. Kxg2 b5 20. b3 b4 21. Nc2 Nxc2
22. Qxc2 f5 23. Ne2 e5 24. Rf1 Qd7 25. Rf2 Rf7 26. Rbf1 Rbf8 27. h3 h6 28. Ng1
exf4 29. Rxf4 Be5 30. R4f3 Kg7 31. Ne2 fxe4 32. Rxf7+ Rxf7 33. Rxf7+ Qxf7 34.
dxe4 Qf6 35. Qd3 Qg5 36. h4 Qg4 37. Qf3 Qxf3+ 38. Kxf3 g5 39. Kg4 Kg6 40. h5+
Kf6 41. Ng1 Bd4 42. Nf3 Bc3 43. Kh3 1/2-1/2

[Event "Frankfurt Ch 2007"]
[Site "Ffm-Kalbach, LAZ"]
[Date "2007.05.14"]
[Round "3.33"]
[White "Göbel, Andreas"]
[Black "Nagel, Norbert"]
[Result "1/2-1/2"]
[WhiteElo "2063"]
[BlackElo "1730"]
[PlyCount "79"]
[EventDate "2007.??.??"]

1. d4 Nf6 2. Bg5 Ne4 3. Bh4 c5 4. dxc5 Qa5+ 5. c3 Qxc5 6. e3 e6 7. Bd3 Nf6 8.
Nf3 Be7 9. Qc2 h6 10. Nbd2 d5 11. O-O Nc6 12. b4 Qb6 13. a3 O-O 14. c4 Bd7 15.
Rac1 Rac8 16. c5 Qd8 17. Rfd1 Nh5 18. Bxe7 Qxe7 19. e4 Nf6 20. exd5 exd5 21.
Re1 Qd8 22. Nb3 Re8 23. Nfd4 Ne5 24. Nf5 Nxd3 25. Qxd3 Bxf5 26. Qxf5 Qd7 27.
Qxd7 Nxd7 28. Na5 Rxe1+ 29. Rxe1 b6 30. cxb6 axb6 31. Nb7 Rc3 32. Ra1 d4 33.
Kf1 d3 34. Nd6 Ne5 35. h3 Kf8 36. Nb5 Rb3 37. Nd4 Rc3 38. Nb5 Rb3 39. Nd4 Rc3
40. Nb5 1/2-1/2

[Event "Frankfurt Ch 2007"]
[Site "Ffm-Kalbach, LAZ"]
[Date "2007.05.14"]
[Round "3.34"]
[White "Winand, Edgar"]
[Black "Matzies, Alexander"]
[Result "0-1"]
[WhiteElo "1723"]
[BlackElo "1995"]
[PlyCount "86"]
[EventDate "2007.??.??"]

1. Nf3 Nf6 2. d4 g6 3. e3 Bg7 4. b3 O-O 5. Bb2 d6 6. Nbd2 c5 7. Bd3 cxd4 8.
exd4 Nc6 9. a3 Bg4 10. O-O Nh5 11. h3 Bd7 12. Nc4 b5 13. Ne3 Rb8 14. Re1 Nf4
15. Ra2 Qa5 16. Be4 Rfc8 17. Qa1 Qc7 18. d5 Ne5 19. Nxe5 dxe5 20. Kh2 f6 21. g4
h5 22. Kg3 Kf7 23. Qd1 Rh8 24. Bg2 hxg4 25. hxg4 Rh7 26. Rh1 Rxh1 27. Bxh1 Rh8
28. Bg2 Bh6 29. Kh2 Nxg2 30. Nxg2 Qc8 31. Kg3 e4 32. d6 Qb8 33. Qd5+ Be6 34.
Qxe4 Qxd6+ 35. f4 Bd5 36. Qd4 Bxg2 37. Qxd6 exd6 38. Kxg2 Bxf4 39. Kf3 Be5 40.
Bxe5 dxe5 41. Kg3 Rc8 42. Kf3 Rc3+ 43. Ke4 Ke6 0-1

[Event "Frankfurt Ch 2007"]
[Site "Ffm-Kalbach, LAZ"]
[Date "2007.05.14"]
[Round "3.35"]
[White "Kohlbruch, Jens"]
[Black "Bauer, Timo"]
[Result "1/2-1/2"]
[WhiteElo "1880"]
[BlackElo "1708"]
[PlyCount "85"]
[EventDate "2007.??.??"]

1. c4 Nf6 2. Nc3 g6 3. g3 Bg7 4. Bg2 e5 5. e3 O-O 6. Nge2 Re8 7. O-O Nc6 8. b3
e4 9. Bb2 Nb4 10. d4 c6 11. Ba3 Qa5 12. Bxb4 Qxb4 13. Rc1 Qe7 14. d5 d6 15. Qd2
c5 16. Rc2 Bf5 17. h3 h5 18. Rb2 Nh7 19. b4 cxb4 20. Rxb4 Ng5 21. Kh2 Bxh3 22.
Ng1 Bxg2 23. Kxg2 h4 24. Nce2 Nf3 25. Qd1 b6 26. Nc1 Nxg1 27. Rxg1 hxg3 28.
fxg3 Qg5 29. Rb3 Re5 30. Ne2 Rf5 31. Qe1 Rf3 32. Nd4 Rf6 33. Nc6 Bh6 34. Rf1
Kg7 35. Rxf6 Qxf6 36. Qf2 Qa1 37. Qb2+ Qxb2+ 38. Rxb2 f5 39. Rb3 Bg5 40. Ra3 a6
41. Kf2 Rh8 42. Kg2 Ra8 43. Kf2 1/2-1/2

[Event "Frankfurt Ch 2007"]
[Site "Ffm-Kalbach, LAZ"]
[Date "2007.05.14"]
[Round "3.36"]
[White "Stein, Wolfgang"]
[Black "Rasche, Hannes"]
[Result "0-1"]
[WhiteElo "1954"]
[BlackElo "2009"]
[PlyCount "81"]
[EventDate "2007.??.??"]

1. e4 e6 2. d4 d5 3. Nc3 Bb4 4. a3 Bxc3+ 5. bxc3 Ne7 6. Qg4 O-O 7. e5 c5 8. Nf3
f5 9. Qg3 Qc7 10. Bd3 cxd4 11. O-O dxc3 12. h4 Ng6 13. h5 Nh8 14. Nh4 Nc6 15.
f4 Nf7 16. Qh3 Nh6 17. Rf3 Ng4 18. Rb1 Bd7 19. Rg3 Ne7 20. Be2 Qc5+ 21. Be3
Nxe3 22. Rxe3 d4 23. Rd3 Bb5 24. Rxb5 Qxb5 25. Nf3 Nc6 26. Qg3 Qc5 27. Ng5 Qe7
28. Nxh7 Kxh7 29. Qg6+ Kg8 30. Rg3 Qf7 31. Qh6 Ne7 32. Bc4 Nd5 33. Rg6 Rae8 34.
Qg5 Kh7 35. Bxd5 exd5 36. Qg3 Re6 37. Rg5 Rh6 38. a4 Rxh5 39. e6 Rxg5 40. fxg5
Qxe6 41. Qh4+ 0-1

[Event "Frankfurt Ch 2007"]
[Site "Ffm-Kalbach, LAZ"]
[Date "2007.05.14"]
[Round "3.37"]
[White "Götting, Ulrich"]
[Black "Larem, Peter"]
[Result "0-1"]
[WhiteElo "1691"]
[BlackElo "1962"]
[PlyCount "94"]
[EventDate "2007.??.??"]

1. Nf3 Nf6 2. d4 g6 3. g3 Bg7 4. Bg2 O-O 5. O-O d6 6. c4 Nbd7 7. Nc3 e5 8. e3
exd4 9. Nxd4 Ne5 10. b3 Re8 11. Bb2 c6 12. h3 Nh5 13. g4 Nf6 14. f4 Nexg4 15.
hxg4 Nxg4 16. Nf3 Nxe3 17. Qd2 Nxf1 18. Rxf1 Qb6+ 19. Kh1 Bg4 20. Re1 Qc5 21.
Ng5 h6 22. Nce4 Qf5 23. Bxg7 Kxg7 24. Nxf7 Qxf7 25. Qc3+ Kf8 26. Qh8+ Ke7 27.
Nf6+ Be6 28. Nxe8 Rxe8 29. Qd4 Qf6 30. Qe3 Kf7 31. Qg3 Bd7 32. Rxe8 Bxe8 33.
Qe3 Qa1+ 34. Kh2 Qxa2 35. f5 gxf5 36. Qf4 Qe2 37. Kh1 Qd1+ 38. Kh2 Qe2 39. Qxh6
Qe5+ 40. Kg1 Ke7 41. Qh4+ Qf6 42. Qf2 Qa1+ 43. Kh2 b5 44. cxb5 cxb5 45. Qh4+
Qf6 46. Qf2 Qe5+ 47. Kg1 Qc5 0-1

[Event "Frankfurt Ch 2007"]
[Site "Ffm-Kalbach, LAZ"]
[Date "2007.05.14"]
[Round "3.38"]
[White "Ruebsamen, Dietmar"]
[Black "Jung, Bernd"]
[Result "1/2-1/2"]
[WhiteElo "1842"]
[BlackElo "1676"]
[PlyCount "59"]
[EventDate "2007.??.??"]

1. Nf3 d5 2. d4 Nf6 3. e3 e6 4. Bd3 Bd6 5. b3 c5 6. Bb2 O-O 7. Nbd2 Nc6 8. Ne5
cxd4 9. exd4 Qc7 10. Nxc6 bxc6 11. Nf3 Re8 12. O-O a5 13. Qe2 Bb7 14. Ne5 Nd7
15. f4 Nf8 16. g3 c5 17. c3 Qb6 18. Bb5 Re7 19. Rac1 f6 20. Nf3 e5 21. fxe5
cxd4 22. Qf2 fxe5 23. cxd4 Qxb5 24. dxe5 Bc7 25. Nd4 Qe8 26. Ba3 Bb6 27. Bxe7
Qxe7 28. Kg2 Ba6 29. Rfd1 Qxe5 30. Nc6 1/2-1/2

[Event "Frankfurt Ch 2007"]
[Site "Ffm-Kalbach, LAZ"]
[Date "2007.05.14"]
[Round "3.39"]
[White "Fischer, Arthur"]
[Black "Lietzau, Olaf"]
[Result "1-0"]
[WhiteElo "2074"]
[BlackElo "1665"]
[PlyCount "49"]
[EventDate "2007.??.??"]

1. e4 d6 2. d4 g6 3. Nc3 Bg7 4. Be2 Nf6 5. h4 h5 6. Be3 O-O 7. Qd2 Kh7 8. Nh3
Ng4 9. Bxg4 Bxg4 10. Ng5+ Kg8 11. f3 Bc8 12. O-O-O a6 13. Rdg1 Nd7 14. g4 hxg4
15. h5 Qe8 16. hxg6 fxg6 17. Ne6 Nb6 18. Nxg7 Nc4 19. Nxe8 Nxd2 20. Nxc7 Nxf3
21. Nxa8 Nxg1 22. Rxg1 Rf3 23. Kd2 g3 24. Ne2 Be6 25. Rxg3 1-0

[Event "Frankfurt Ch 2007"]
[Site "Ffm-Kalbach, LAZ"]
[Date "2007.05.14"]
[Round "3.41"]
[White "Rätsch, Kurt"]
[Black "Ebertz, Michael"]
[Result "1-0"]
[WhiteElo "2080"]
[BlackElo "1645"]
[PlyCount "97"]
[EventDate "2007.??.??"]

1. e4 c5 2. Bc4 e6 3. c3 d5 4. exd5 exd5 5. Bb3 Nf6 6. d3 Nc6 7. Nf3 Be7 8. O-O
O-O 9. Re1 h6 10. Bf4 Bd6 11. Qd2 Bxf4 12. Qxf4 Be6 13. Nbd2 Rc8 14. Qh4 Ng4
15. Qg3 Qc7 16. Qh4 Qd8 17. Qh5 Nf6 18. Qh4 Ng4 19. h3 Qxh4 20. Nxh4 Nge5 21.
Bc2 g5 22. Nhf3 Nxf3+ 23. Nxf3 Bf5 24. Ne5 Nxe5 25. Rxe5 Be6 26. Bb3 Rfd8 27.
Rae1 c4 28. Bc2 d4 29. dxc4 dxc3 30. b3 Rd2 31. Rc1 Rcd8 32. Re3 b6 33. Rxc3 a5
34. Kf1 Kf8 35. Ke1 g4 36. h4 g3 37. Rxg3 a4 38. Rd1 Rxc2 39. Rxd8+ Ke7 40. Rd2
Rc1+ 41. Ke2 Rh1 42. Rgd3 Rxh4 43. Rd6 axb3 44. axb3 b5 45. cxb5 Bxb3 46. Rd7+
Kf8 47. b6 Bc4+ 48. Ke3 Ba6 49. Ra7 1-0

[Event "Frankfurt Ch 2007"]
[Site "Ffm-Kalbach, LAZ"]
[Date "2007.05.14"]
[Round "3.42"]
[White "Tierling, Detlef"]
[Black "Krischak, Werner"]
[Result "1-0"]
[WhiteElo "2042"]
[BlackElo "1620"]
[PlyCount "91"]
[EventDate "2007.??.??"]

1. b3 e5 2. Bb2 Nc6 3. e3 d6 4. c4 Nf6 5. Nc3 g6 6. Bd3 Bg7 7. Nge2 O-O 8. Rc1
Re8 9. f3 b6 10. Bb1 Bb7 11. Ng3 Nd7 12. Nd5 f5 13. Qc2 Ne7 14. O-O Rc8 15.
Nxe7+ Qxe7 16. Nxf5 gxf5 17. Qxf5 Nf6 18. g4 Qe6 19. g5 Qxf5 20. Bxf5 Nh5 21.
Bg4 e4 22. Ba3 exf3 23. Bxh5 Rf8 24. d4 Rf5 25. h4 Ra5 26. Bb4 Rxa2 27. Bxf3
Bxf3 28. Rxf3 Rb2 29. c5 dxc5 30. dxc5 Rxb3 31. Be1 bxc5 32. Kf2 Rb2+ 33. Kg3
Be5+ 34. Kg4 Bd6 35. Bc3 Ra2 36. Rcf1 Rf8 37. Bf6 a5 38. e4 Ra4 39. Kf5 c4 40.
e5 Bb4 41. e6 Ra3 42. Rxa3 Bxa3 43. Rd1 c3 44. Rd7 Rxf6+ 45. gxf6 c2 46. Rd8+
1-0

[Event "Frankfurt Ch 2007"]
[Site "Ffm-Kalbach, LAZ"]
[Date "2007.05.14"]
[Round "3.43"]
[White "Köroglu, Naim"]
[Black "Fröhlich-Dill, Astrid"]
[Result "0-1"]
[WhiteElo "1627"]
[BlackElo "1948"]
[PlyCount "116"]
[EventDate "2007.??.??"]

1. d4 Nf6 2. c4 e6 3. Nc3 b6 4. Bg5 Be7 5. Nf3 Bb7 6. e3 c5 7. dxc5 bxc5 8. Be2
a6 9. O-O O-O 10. Qc2 h6 11. Bh4 Nc6 12. a3 d6 13. Rfd1 Qc7 14. Bxf6 Bxf6 15.
Ne4 Be7 16. Rd2 f5 17. Ng3 Rad8 18. Rad1 a5 19. Nh5 e5 20. Ng3 e4 21. Ne1 Ne5
22. Nh5 g5 23. Qc3 Rf7 24. f4 Ng6 25. g4 Nh4 26. gxf5 Nxf5 27. Bg4 Ng7 28. Nxg7
Rxg7 29. Be6+ Kh8 30. f5 Rf8 31. Rf2 Bf6 32. Qd2 Be5 33. b3 Bc8 34. Bxc8 Rxc8
35. Nc2 Rf7 36. b4 cxb4 37. axb4 axb4 38. Nxb4 Qxc4 39. Nd5 Qc5 40. f6 Rb8 41.
Rc1 Qb5 42. Rcf1 Kh7 43. h4 Qd3 44. Qxd3 exd3 45. hxg5 hxg5 46. Rd2 Rb3 47. Kg2
Rb2 48. Rxb2 Bxb2 49. Kh3 d2 50. Kg4 Bxf6 51. Nxf6+ Rxf6 52. Rh1+ Kg6 53. Kg3
Re6 54. Kf2 Re5 55. Rd1 Rd5 56. Kf3 Kf6 57. e4 Rd4 58. Ke3 Ke5 0-1

[Event "Frankfurt Ch 2007"]
[Site "Ffm-Kalbach, LAZ"]
[Date "2007.05.14"]
[Round "3.44"]
[White "Ostermeier, Thorsten"]
[Black "Milde, Dieter"]
[Result "1-0"]
[WhiteElo "1923"]
[BlackElo "1602"]
[PlyCount "105"]
[EventDate "2007.??.??"]

1. Nf3 Nf6 2. d4 b6 3. c4 Bb7 4. Nc3 e6 5. Bg5 h6 6. Bh4 Be7 7. Qc2 d5 8. e3
Nbd7 9. Be2 Rc8 10. cxd5 exd5 11. O-O O-O 12. Rfc1 a6 13. a3 Ne4 14. Bxe7 Qxe7
15. Bd3 Ndf6 16. Ne5 c5 17. Bxe4 dxe4 18. Qb3 cxd4 19. exd4 Qd6 20. Ne2 Bd5 21.
Qe3 Nd7 22. Nxd7 Qxd7 23. Rc3 f5 24. Rac1 Rxc3 25. Rxc3 Rc8 26. Qf4 b5 27. h4
Be6 28. Qe5 Rxc3 29. bxc3 Kf7 30. Nf4 Qe7 31. h5 Qf6 32. Qc7+ Qe7 33. Qb6 Bc8
34. Ng6 Qe6 35. Qd8 Qe8 36. Qc7+ Bd7 37. Ne5+ Ke7 38. Qc5+ Kd8 39. Qb6+ Ke7 40.
Ng6+ Kf7 41. Qxa6 Qe6 42. Qa8 Be8 43. Qb7+ Kf6 44. Qb8 Bxg6 45. hxg6 e3 46. f4
Kxg6 47. Qe5 Qxe5 48. dxe5 Kf7 49. Kf1 g5 50. g3 gxf4 51. gxf4 h5 52. Ke2 h4
53. Kxe3 1-0

[Event "Frankfurt Ch 2007"]
[Site "Ffm-Kalbach, LAZ"]
[Date "2007.05.14"]
[Round "3.45"]
[White "Jordake, Michael"]
[Black "Gauf, Wolfgang"]
[Result "1/2-1/2"]
[WhiteElo "1612"]
[BlackElo "1808"]
[PlyCount "114"]
[EventDate "2007.??.??"]

1. e4 c5 2. Nc3 e6 3. g3 d5 4. Bg2 d4 5. Nce2 e5 6. d3 Nc6 7. f4 Bg4 8. fxe5
Nxe5 9. Bf4 Bd6 10. Qd2 Ne7 11. Bxe5 Bxe5 12. Qg5 Qa5+ 13. Kf1 Bxe2+ 14. Kxe2
Bf6 15. Qf4 Ng6 16. Qc1 Ne5 17. Nf3 Ng4 18. Qd2 Qxd2+ 19. Kxd2 Ne3 20. Rhg1 g6
21. c3 Rc8 22. Bh3 Rd8 23. cxd4 cxd4 24. Rac1 O-O 25. Rc7 Rb8 26. Rgc1 Rfd8 27.
g4 h6 28. R1c5 Bg5 29. Ke2 Bf4 30. Ne5 Bxh2 31. Rd7 Bxe5 32. Rxd8+ Rxd8 33.
Rxe5 Rc8 34. Rb5 Rc2+ 35. Kf3 b6 36. Rb4 Nd1 37. Rxd4 Rf2+ 38. Kg3 Rxb2 39. Ra4
a5 40. e5 Nc3 41. Ra3 Nxa2 42. g5 Nb4 43. e6 fxe6 44. gxh6 Kh7 45. Bxe6 Re2 46.
Bc4 Kxh6 47. Ra1 Rd2 48. Rb1 Nxd3 49. Rxb6 Ne5 50. Be6 a4 51. Ra6 Rd4 52. Kf2
Kg5 53. Ke3 Rf4 54. Ra5 Rf3+ 55. Ke2 Kf6 56. Ra6 Kg5 57. Rxa4 Rf6 1/2-1/2

[Event "Frankfurt Ch 2007"]
[Site "Ffm-Kalbach, LAZ"]
[Date "2007.05.14"]
[Round "3.46"]
[White "Müllergroß, Christian"]
[Black "Fresser, Stefan"]
[Result "1-0"]
[WhiteElo "1559"]
[BlackElo "1805"]
[PlyCount "33"]
[EventDate "2007.??.??"]

1. e4 c6 2. d4 d5 3. Nc3 dxe4 4. Nxe4 Nf6 5. Nxf6+ gxf6 6. Nf3 Bf5 7. Bd3 Rg8
8. Nh4 Qxd4 9. Nxf5 Qe5+ 10. Qe2 Qxe2+ 11. Bxe2 Rxg2 12. Ng3 Nd7 13. Bf3 Rxg3
14. hxg3 Ne5 15. Be2 O-O-O 16. Rxh7 e6 17. Be3 1-0

[Event "Frankfurt Ch 2007"]
[Site "Ffm-Kalbach, LAZ"]
[Date "2007.05.14"]
[Round "3.47"]
[White "Lemonidis, Christos"]
[Black "Greul, Thomas"]
[Result "1-0"]
[WhiteElo "1803"]
[BlackElo "1302"]
[PlyCount "49"]
[EventDate "2007.??.??"]

1. e4 d6 2. Nf3 e5 3. g3 Nf6 4. d3 Be7 5. Bg2 c6 6. O-O a5 7. Nbd2 O-O 8. Re1
Nbd7 9. Nf1 Rb8 10. Ne3 Re8 11. Nh4 Nf8 12. Nhf5 Ng6 13. h4 h5 14. Bf3 Bxf5 15.
exf5 Nh8 16. Bxh5 Nh7 17. Kg2 Nf6 18. Bf3 g6 19. fxg6 fxg6 20. Ng4 Nf7 21. Nh6+
Nxh6 22. Bxh6 Nh7 23. Be4 Kf7 24. h5 g5 25. Bxh7 1-0

[Event "Frankfurt Ch 2007"]
[Site "Ffm-Kalbach, LAZ"]
[Date "2007.05.14"]
[Round "3.48"]
[White "Wolff, Michael"]
[Black "Ortiz-Rodriguez, Jose"]
[Result "1-0"]
[WhiteElo "1958"]
[BlackElo "1270"]
[PlyCount "45"]
[EventDate "2007.??.??"]

1. e4 d6 2. d4 Nf6 3. Nc3 c6 4. Nf3 Nbd7 5. Be2 Qc7 6. Be3 e5 7. Qd2 Be7 8. h3
h6 9. a4 O-O 10. g4 Nh7 11. h4 Ndf6 12. g5 hxg5 13. hxg5 Ng4 14. O-O-O Nxe3 15.
fxe3 Nxg5 16. Nxg5 Bxg5 17. Rdg1 f6 18. Bc4+ d5 19. exd5 Qd6 20. Ne4 Qd8 21.
dxc6+ Rf7 22. Nxg5 fxg5 23. Rf1 1-0

[Event "Frankfurt Ch 2007"]
[Site "Ffm-Kalbach, LAZ"]
[Date "2007.05.14"]
[Round "3.49"]
[White "Wenzel, Bernd"]
[Black "Ganjian, Mehrdad"]
[Result "0-1"]
[WhiteElo "1481"]
[BlackElo "1798"]
[PlyCount "110"]
[EventDate "2007.??.??"]

1. f4 d5 2. Nf3 c5 3. e3 Nc6 4. c3 Nf6 5. Ne5 a6 6. d4 e6 7. Bd3 Qc7 8. Nd2 g6
9. O-O c4 10. Be2 Bh6 11. Ng4 Nxg4 12. Bxg4 f5 13. Bh3 b5 14. Nf3 Bd7 15. Ne5
Nxe5 16. fxe5 Bf8 17. Bd2 Be7 18. g3 Qb6 19. a3 O-O 20. Bg2 Rac8 21. g4 a5 22.
gxf5 gxf5 23. Qe2 Kh8 24. Rf3 Rf7 25. Raf1 b4 26. Rg3 bxa3 27. bxa3 Rg8 28.
Rff3 Rfg7 29. Rxg7 Rxg7 30. Rg3 Bxa3 31. Qh5 Rxg3 32. hxg3 Be7 33. Qf7 Qd8 34.
e4 fxe4 35. Bh6 Bf8 36. Bxf8 Qg5 37. Qxd7 Qxg3 38. Qxe6 Qe1+ 39. Kh2 Qh4+ 40.
Qh3 Qf4+ 41. Qg3 Qxf8 42. e6 Qh6+ 43. Bh3 Qd2+ 44. Bg2 Qh6+ 45. Qh3 Qxh3+ 46.
Bxh3 Kg7 47. e7 Kf7 48. e8=Q+ Kxe8 49. Be6 a4 50. Bxd5 e3 51. Bxc4 a3 52. Kg3
h5 53. Kf3 h4 54. Kg4 a2 55. Bxa2 e2 0-1

[Event "Frankfurt Ch 2007"]
[Site "Ffm-Kalbach, LAZ"]
[Date "2007.05.14"]
[Round "3.51"]
[White "Kirchmann, Gerhard"]
[Black "Kannenberg, Carl-Fr"]
[Result "0-1"]
[WhiteElo "1276"]
[BlackElo "1972"]
[PlyCount "114"]
[EventDate "2007.??.??"]

1. d4 d5 2. Bf4 Nf6 3. Nf3 e6 4. e3 Be7 5. h3 Nbd7 6. Bd3 h6 7. Nbd2 c5 8. c3
c4 9. Bc2 b5 10. O-O Bb7 11. g4 Qb6 12. a3 Bd6 13. Ne5 Qc7 14. Nxd7 Nxd7 15.
Bxd6 Qxd6 16. Nf3 e5 17. dxe5 Nxe5 18. Nxe5 Qxe5 19. Qd4 Qxd4 20. exd4 Kd7 21.
Rae1 Rae8 22. h4 Kd8 23. h5 Bc8 24. f3 Rxe1 25. Rxe1 Be6 26. Kf2 Kd7 27. Kg3
Re8 28. a4 Kc6 29. f4 Kb6 30. f5 Bd7 31. Re5 Bc6 32. axb5 Kxb5 33. Kf2 f6 34.
Rxe8 Bxe8 35. b4 cxb3 36. Bxb3 Bf7 37. Ke3 a5 38. Kd2 a4 39. Ba2 Kc6 40. Kc2
Kd6 41. Kb2 Be8 42. c4 dxc4 43. Bxc4 Bc6 44. Be2 Be4 45. Ka3 Kd5 46. Kxa4 Kxd4
47. Kb4 Ke3 48. Bf1 Bf3 49. Bh3 Kf4 50. Kc5 Bxg4 51. Bg2 Bxh5 52. Kd4 Bg4 53.
Kd3 h5 54. Kd2 h4 55. Ke1 h3 56. Bxh3 Bxh3 57. Kf2 Bxf5 0-1

[Event "Frankfurt Ch 2007"]
[Site "Ffm-Kalbach, LAZ"]
[Date "2007.05.14"]
[Round "3.52"]
[White "Knott, Tilo"]
[Black "Gehlhar, Michael"]
[Result "1/2-1/2"]
[WhiteElo "1480"]
[BlackElo "1712"]
[PlyCount "27"]
[EventDate "2007.??.??"]

1. d4 f5 2. Nc3 g6 3. Nf3 Nf6 4. Bf4 d6 5. e3 c6 6. Bc4 Bg7 7. O-O d5 8. Bd3
O-O 9. h3 h6 10. Ne5 Kh7 11. Ne2 Nbd7 12. Bh2 Nxe5 13. Bxe5 Nd7 14. f4 1/2-1/2

[Event "Frankfurt Ch 2007"]
[Site "Ffm-Kalbach, LAZ"]
[Date "2007.05.14"]
[Round "3.53"]
[White "Krüger, Jens"]
[Black "Plattner, Rolf"]
[Result "0-1"]
[WhiteElo "1390"]
[BlackElo "1916"]
[PlyCount "106"]
[EventDate "2007.??.??"]

1. e4 e6 2. d4 d5 3. e5 c5 4. c3 Bd7 5. Nf3 Nc6 6. Be2 cxd4 7. cxd4 Nge7 8. Bg5
Qb6 9. Nc3 Nf5 10. Bb5 Nxe5 11. dxe5 Bxb5 12. Qb3 Bd7 13. Qxb6 axb6 14. O-O Bc5
15. Rfd1 O-O 16. a3 b5 17. b4 Bb6 18. Ne2 Rfc8 19. Nfd4 Nxd4 20. Nxd4 Rc3 21.
Bc1 Rac8 22. Bb2 Bxd4 23. Rxd4 Rc2 24. Rb1 Rxb2 25. Rdd1 Rxb1 26. Rxb1 Rc3 27.
Ra1 d4 28. Kf1 d3 29. f3 Rc2 30. Rd1 Rc3 31. Kf2 Bc6 32. Ke3 Rxa3 33. Rxd3
Rxd3+ 34. Kxd3 g5 35. Ke3 g4 36. fxg4 Bxg2 37. h4 Kg7 38. g5 Kg6 39. Kf4 Bh3
40. Kg3 Bf5 41. Kf4 Kh5 42. Kg3 h6 43. gxh6 Kxh6 44. Kf4 Kg6 45. Kf3 Kh5 46.
Kg3 Bg4 47. Kf4 Kxh4 48. Ke4 Bf5+ 49. Kf3 Kg5 50. Ke3 Bb1 51. Kd4 b6 52. Ke3
Kf5 53. Kd4 Kf4 0-1

[Event "Frankfurt Ch 2007"]
[Site "Ffm-Kalbach, LAZ"]
[Date "2007.05.14"]
[Round "3.54"]
[White "Plötz, Hans-Jürgen"]
[Black "Rondio, Thomas"]
[Result "0-1"]
[WhiteElo "1358"]
[BlackElo "1689"]
[PlyCount "44"]
[EventDate "2007.??.??"]

1. d4 d5 2. Nf3 Nf6 3. Bf4 e6 4. e3 c5 5. c4 cxd4 6. Nxd4 dxc4 7. Bxc4 e5 8.
Bxe5 Qa5+ 9. Nc3 Qxe5 10. Qb3 Qe7 11. Bb5+ Bd7 12. Bc4 b6 13. Nd5 Qd6 14. Rc1
Nc6 15. Nb5 Qe5 16. Ndc7+ Kd8 17. Nxa8 Na5 18. Qc2 Bb4+ 19. Kd1 Ke7 20. Nac7
Bg4+ 21. Be2 Rd8+ 22. Nd4 Rxd4+ 0-1

[Event "Frankfurt Ch 2007"]
[Site "Ffm-Kalbach, LAZ"]
[Date "2007.05.14"]
[Round "3.55"]
[White "Stricker, Konstantin"]
[Black "Bachmann, Björn"]
[Result "1-0"]
[WhiteElo "1688"]
[BlackElo "1463"]
[PlyCount "45"]
[EventDate "2007.??.??"]

1. e4 d6 2. d4 Nf6 3. Bd3 e5 4. Nf3 Nbd7 5. O-O Be7 6. b3 O-O 7. Bb2 exd4 8.
Nxd4 b6 9. Nc6 Qe8 10. Re1 Nc5 11. Nxe7+ Qxe7 12. e5 Nxd3 13. cxd3 Re8 14. Nd2
dxe5 15. Bxe5 Nd5 16. Nf3 Qd7 17. Qc2 c5 18. Rad1 Bb7 19. a3 Nf4 20. Bxf4 Qg4
21. Bg3 Bxf3 22. gxf3 Qxf3 23. Re4 1-0

[Event "Frankfurt Ch 2007"]
[Site "Ffm-Kalbach, LAZ"]
[Date "2007.05.14"]
[Round "3.56"]
[White "Bongardt, Torsten"]
[Black "Bender, Manfred"]
[Result "1-0"]
[WhiteElo "1340"]
[BlackElo "1830"]
[PlyCount "93"]
[EventDate "2007.??.??"]

1. d4 d5 2. Nf3 e6 3. Bf4 Nf6 4. e3 Nbd7 5. c4 c6 6. Bd3 Bb4+ 7. Nbd2 O-O 8.
O-O Re8 9. Rc1 Nf8 10. a3 Bd6 11. Bxd6 Qxd6 12. Qc2 Bd7 13. e4 dxe4 14. Nxe4
Nxe4 15. Bxe4 Qf4 16. Ne5 Rad8 17. Rfd1 Bc8 18. g3 Qf6 19. f4 Qe7 20. d5 exd5
21. cxd5 f6 22. d6 Rxd6 23. Rxd6 Qxd6 24. Nf3 Bg4 25. Kf2 Qe6 26. Re1 Qd7 27.
Rd1 Qc7 28. Rd2 Qe7 29. Re2 Qc7 30. Bxh7+ Kf7 31. Bg8+ Kxg8 32. Rxe8 Qd7 33.
Re3 Qd5 34. Qb3 Qxb3 35. Rxb3 b6 36. Nd4 c5 37. Nc6 Be6 38. Re3 a6 39. Nd8 Bf5
40. Nc6 Bd7 41. Ne7+ Kf7 42. Nd5 b5 43. Nc7 a5 44. Ke2 Ne6 45. Nxe6 Bxe6 46.
Kd3 Ke7 47. f5 1-0

[Event "Frankfurt Ch 2007"]
[Site "Ffm-Kalbach, LAZ"]
[Date "2007.05.14"]
[Round "3.57"]
[White "Honert, Stefan"]
[Black "Götz, Arnold"]
[Result "1/2-1/2"]
[WhiteElo "1263"]
[BlackElo "1671"]
[PlyCount "51"]
[EventDate "2007.??.??"]

1. d4 d5 2. c4 Nc6 3. Nc3 e6 4. e3 Nf6 5. Nf3 Bb4 6. a3 Bxc3+ 7. bxc3 Ne4 8.
Qc2 O-O 9. Bd3 f5 10. cxd5 exd5 11. O-O Be6 12. Rb1 Na5 13. Ne5 Rb8 14. f3 Nd6
15. Bb2 Nac4 16. Rfe1 Qf6 17. Nxc4 dxc4 18. Bf1 Bd5 19. a4 Qg6 20. Qf2 a5 21.
Ba3 Rf6 22. Bxd6 Rxd6 23. Qg3 Qf7 24. e4 f4 25. Qf2 Be6 26. d5 1/2-1/2

[Event "Frankfurt Ch 2007"]
[Site "Ffm-Kalbach, LAZ"]
[Date "2007.05.14"]
[Round "3.58"]
[White "Evertz, Wolfgang"]
[Black "Arnold, Michael"]
[Result "0-1"]
[WhiteElo "1150"]
[BlackElo "1614"]
[PlyCount "50"]
[EventDate "2007.??.??"]

1. e4 d5 2. e5 c5 3. Nf3 Nc6 4. Bb5 Bd7 5. Bxc6 Bxc6 6. b3 e6 7. Bb2 Ne7 8. O-O
Nf5 9. d4 cxd4 10. Nxd4 Nxd4 11. Qxd4 Qg5 12. Nd2 Be7 13. Nf3 Qg6 14. c3 b6 15.
b4 Rc8 16. Rfe1 Bb5 17. a4 Rc4 18. Qd1 Bd7 19. Nd4 O-O 20. Re2 Rfc8 21. Ra3 a5
22. Ra1 axb4 23. cxb4 Bxb4 24. Ba3 Bxa3 25. Rxa3 Rxd4 0-1